On dialectical materialism (Record no. 606)
[ view plain ]
| 000 -LEADER | |
|---|---|
| fixed length control field | 00525nam a2200217Ia 4500 |
| 003 - CONTROL NUMBER IDENTIFIER | |
| control field | 0100 |
| 008 - FIXED-LENGTH DATA ELEMENTS--GENERAL INFORMATION | |
| fixed length control field | 130227s9999 xx 000 0 und d |
| 040 ## - CATALOGING SOURCE | |
| Transcribing agency | ARRUPELIB |
| 050 ## - LIBRARY OF CONGRESS CALL NUMBER | |
| Classification number | B809.8.O59 1977 |
| 100 ## - MAIN ENTRY--PERSONAL NAME | |
| Personal name | Marx, Karl |
| 9 (RLIN) | 6499 |
| 245 ## - TITLE STATEMENT | |
| Title | On dialectical materialism |
| 260 ## - PUBLICATION, DISTRIBUTION, ETC. (IMPRINT) | |
| Name of publisher, distributor, etc | Progress Publishers |
| Place of publication, distribution, etc | Moscow |
| Date of publication, distribution, etc | 1977 |
| 300 ## - PHYSICAL DESCRIPTION | |
| Extent | 422p |
| 300 ## - PHYSICAL DESCRIPTION | |
| Other physical details | 20cm |
| 650 ## - SUBJECT ADDED ENTRY--TOPICAL TERM | |
| Topical term following geographic name as entry element | Feminist theory |
| 9 (RLIN) | 33702 |
| 650 ## - SUBJECT ADDED ENTRY--TOPICAL TERM | |
| Location of event | Women--Social conditions |
| 9 (RLIN) | 33703 |
| 700 ## - ADDED ENTRY--PERSONAL NAME | |
| Personal name | Engels, Friedrich; Lenin, Vladimir Ilich |
| 9 (RLIN) | 33704 |
| 942 ## - ADDED ENTRY ELEMENTS (KOHA) | |
| Source of classification or shelving scheme | Library of Congress Classification |
| Item type | Monograph ( Printed materials) |
| Withdrawn status | Lost status | Source of classification or shelving scheme | Damaged status | Not for loan | Collection code | Home library | Current library | Shelving location | Date acquired | Total Checkouts | Full call number | Barcode | Date last seen | Copy number | Price effective from | Koha item type |
|---|---|---|---|---|---|---|---|---|---|---|---|---|---|---|---|---|
| Library of Congress Classification | Main Collection | ARRUPE LIBRARY | ARRUPE LIBRARY | 27/02/2013 | B809.8.O59 1977 | 46401574 | 27/02/2013 | 1 | 27/02/2013 | Monograph ( Printed materials) |